logo

Bir Sreshtho Munshi Abdur Rouf Library
Jhenaidah Cadet College

La Question Palestinienne / (Record no. 9284)

MARC details
000 -LEADER
fixed length control field 00718nam a2200241 a 4500
001 - CONTROL NUMBER
JCCL Control Number 9284
003 - CONTROL NUMBER IDENTIFIER
JCCL marc code BD-JhCC
005 - DATE AND TIME OF LATEST TRANSACTION
control field 20181001172016.0
008 - FIXED-LENGTH DATA ELEMENTS--GENERAL INFORMATION
fixed length control field 180312s1967 p |||| || | 000 0 eng d
035 ## - SYSTEM CONTROL NUMBER
system control number (BD-JhCC)9284
040 ## - CATALOGING SOURCE
Original cataloging agency BD-JhCC
Modifying agency BD-JhCC
041 ## - LANGUAGE CODE
Language code of Book eng
082 ## - DEWEY DECIMAL CLASSIFICATION NUMBER
Classification number 956.94
Author mark and Year LAQ 1967
245 ## - TITLE STATEMENT
Title La Question Palestinienne /
Statement of responsibility, etc Colloque de Juristes Arabes sur la Palestine. Algiers.
260 ## - PUBLICATION, DISTRIBUTION, ETC. (IMPRINT)
Place of publication, distribution, etc Pakistan :
Name of publisher, distributor, etc Alger
Date of publication, distribution, etc 1967
300 ## - PHYSICAL DESCRIPTION
Pagination 237 p. :
Dimensions 24 cm.
650 ## - SUBJECT ADDED ENTRY--TOPICAL TERM
Topical term or geographic name as entry element Jewish-Arab relations
650 ## - SUBJECT ADDED ENTRY--TOPICAL TERM
Topical term or geographic name as entry element Middle East--Palestine
650 ## - SUBJECT ADDED ENTRY--TOPICAL TERM
Topical term or geographic name as entry element Politics and government
710 ## - ADDED ENTRY--CORPORATE NAME
Corporate name or jurisdiction name as entry element Colloque de Juristes Arabes sur la Palestine. Algiers.
Date of meeting or treaty signing 22-27, July 1967
942 ## - ADDED ENTRY ELEMENTS (KOHA)
Source of classification or shelving scheme Dewey Decimal Classification
Koha item type Books
Holdings
Source of classification or shelving scheme Damaged status Not for loan Home library Current library Shelving location Date of accession Total Checkouts Full call number Barcode Date last seen Copy number Koha item type
Dewey Decimal Classification     JCC Rouf Library JCC Rouf Library General Stacks 03/12/2018   956.94 LAQ 1967 12328 03/12/2018 C-1 Books

JCC Library | Contacts | JCC Home

Last Update on 23 September 2017
Copyright @ 2017-2020 JCC Rouf Library
Rouf Library, Jhenidah Cadet College (JCC), Bangladesh